[Event "World Chess Olympiad 2018"]
[Site "Batumi"]
[Date "2018.09.28"]
[Round "5"]
[Board "3"]
[WhiteFideId "912123"]
[White "Nenezic Marko"]
[BlackFideId "6500170"]
[Black "Gonzalez Acosta Bernal"]
[Result "1/2-1/2"]
[LiveChessVersion "1.4.8"]
[BlackElo "2452"]
[WhiteElo "2495"]

1. Nf3 {[%clk 1:30:39]} d5 {[%clk 1:30:56]} 2. d4 {[%clk 1:30:47]} Nf6
{[%clk 1:31:21]} 3. c4 {[%clk 1:30:59]} c6 {[%clk 1:31:46]} 4. e3
{[%clk 1:31:03]} Bf5 {[%clk 1:31:45]} 5. Nc3 {[%clk 1:31:01]} e6 {[%clk 1:32:10]}
6. Nh4 {[%clk 1:30:53]} Be4 {[%clk 1:32:33]} 7. f3 {[%clk 1:30:55]} Bg6
{[%clk 1:32:56]} 8. Qb3 {[%clk 1:30:53]} Qc7 {[%clk 1:33:12]} 9. Bd2
{[%clk 1:30:29]} Be7 {[%clk 1:33:24]} 10. g3 {[%clk 1:30:40]} a6 {[%clk 1:33:39]}
11. Rc1 {[%clk 1:29:34]} dxc4 {[%clk 1:33:19]} 12. Qxc4 {[%clk 1:29:25]} Bh5
{[%clk 1:31:29]} 13. Be2 {[%clk 1:20:37]} b5 {[%clk 1:21:09]} 14. Qb3
{[%clk 1:19:34]} c5 {[%clk 1:11:00]} 15. dxc5 {[%clk 1:08:18]} Nc6
{[%clk 1:11:27]} 16. a4 {[%clk 0:57:25]} b4 {[%clk 1:09:25]} 17. Na2
{[%clk 0:55:18]} a5 {[%clk 0:54:24]} 18. Ng2 {[%clk 0:42:27]} O-O
{[%clk 0:53:56]} 19. Nf4 {[%clk 0:41:53]} Rfd8 {[%clk 0:53:30]} 20. Rc2
{[%clk 0:38:25]} Bg6 {[%clk 0:48:51]} 21. Nxg6 {[%clk 0:38:45]} hxg6
{[%clk 0:49:19]} 22. Nc1 {[%clk 0:38:56]} Rd5 {[%clk 0:46:24]} 23. Bc4
{[%clk 0:32:56]} Rh5 {[%clk 0:29:39]} 24. Nd3 {[%clk 0:30:11]} Ne5
{[%clk 0:30:05]} 25. O-O {[%clk 0:27:10]} Nxd3 {[%clk 0:28:47]} 26. Qxd3
{[%clk 0:24:22]} Rd8 {[%clk 0:27:26]} 27. Qe2 {[%clk 0:24:36]} Rxc5
{[%clk 0:25:58]} 28. Rfc1 {[%clk 0:24:31]} Nd5 {[%clk 0:21:28]} 29. Be1
{[%clk 0:21:37]} Nb6 {[%clk 0:18:55]} 30. Bb5 {[%clk 0:21:51]} Qe5
{[%clk 0:16:34]} 31. Bf2 {[%clk 0:18:41]} Rdc8 {[%clk 0:15:07]} 32. Rxc5
{[%clk 0:10:58]} Rxc5 {[%clk 0:15:26]} 33. Rd1 {[%clk 0:10:51]} b3
{[%clk 0:11:52]} 34. f4 {[%clk 0:06:30]} Qc7 {[%clk 0:08:05]} 35. Qd3
{[%clk 0:05:53]} Rc2 {[%clk 0:08:05]} 36. Qxb3 {[%clk 0:05:42]} Bf6
{[%clk 0:08:31]} 37. Rb1 {[%clk 0:03:13]} Nd5 {[%clk 0:08:51]} 38. e4
{[%clk 0:02:41]} Nb4 {[%clk 0:09:10]} 39. Rd1 {[%clk 0:02:32]} Rc1
{[%clk 0:05:12]} 40. e5 {[%clk 0:31:43]} Be7 {[%clk 0:34:52]} 41. Rxc1
{[%clk 0:28:26]} Qxc1+ {[%clk 0:35:16]} 42. Kg2 {[%clk 0:28:53]} Nd5
{[%clk 0:27:10]} 43. Bc4 {[%clk 0:24:06]} Qd2 {[%clk 0:27:34]} 44. Kf3
{[%clk 0:22:44]} Nb4 {[%clk 0:27:19]} 45. Bb5 {[%clk 0:15:58]} Nc2
{[%clk 0:19:02]} 46. Qd3 {[%clk 0:11:11]} 1/2-1/2

[Event "World Chess Olympiad 2018"]
[Site "Batumi"]
[Date "2018.09.28"]
[Round "5"]
[Board "4"]
[WhiteFideId "6504779"]
[White "Jimenez Garcia Emmanuel"]
[BlackFideId "950122"]
[Black "Ivic Velimir"]
[Result "1/2-1/2"]
[LiveChessVersion "1.4.8"]
[BlackElo "2472"]
[WhiteElo "2290"]

1. b3 {[%clk 1:30:54]} e5 {[%clk 1:29:10]} 2. Bb2 {[%clk 1:31:19]} Nc6
{[%clk 1:29:01]} 3. e3 {[%clk 1:31:43]} Nf6 {[%clk 1:28:30]} 4. Nf3
{[%clk 1:32:08]} e4 {[%clk 1:28:48]} 5. Nd4 {[%clk 1:32:33]} Bc5 {[%clk 1:29:14]}
6. Nxc6 {[%clk 1:31:15]} dxc6 {[%clk 1:29:38]} 7. d3 {[%clk 1:24:39]} Bf5
{[%clk 1:23:43]} 8. Be2 {[%clk 1:02:56]} Qe7 {[%clk 1:14:46]} 9. Nd2
{[%clk 0:52:52]} Rd8 {[%clk 0:45:08]} 10. d4 {[%clk 0:52:23]} Ba3
{[%clk 0:45:21]} 11. Bxa3 {[%clk 0:45:53]} Qxa3 {[%clk 0:45:45]} 12. c3
{[%clk 0:44:39]} Qe7 {[%clk 0:41:48]} 13. b4 {[%clk 0:43:46]} h5 {[%clk 0:36:52]}
14. Qc2 {[%clk 0:41:07]} h4 {[%clk 0:35:12]} 15. O-O-O {[%clk 0:37:06]} a5
{[%clk 0:34:15]} 16. bxa5 {[%clk 0:32:05]} Qa3+ {[%clk 0:30:45]} 17. Kb1
{[%clk 0:32:30]} Qxa5 {[%clk 0:30:33]} 18. Nb3 {[%clk 0:31:24]} Qa3
{[%clk 0:28:07]} 19. c4 {[%clk 0:25:58]} O-O {[%clk 0:27:52]} 20. Ka1
{[%clk 0:25:46]} Ra8 {[%clk 0:27:08]} 21. Rhg1 {[%clk 0:16:31]} Ra7
{[%clk 0:22:05]} 22. g4 {[%clk 0:14:09]} hxg3 {[%clk 0:18:11]} 23. hxg3
{[%clk 0:11:20]} Rfa8 {[%clk 0:18:28]} 24. Rd2 {[%clk 0:10:45]} Qb4
{[%clk 0:15:11]} 25. Nc1 {[%clk 0:07:02]} Be6 {[%clk 0:08:59]} 26. Qb2
{[%clk 0:04:49]} Ra4 {[%clk 0:06:57]} 27. Qxb4 {[%clk 0:02:28]} Rxb4
{[%clk 0:07:26]} 28. Rb2 {[%clk 0:02:03]} Raa4 {[%clk 0:04:57]} 29. Rxb4
{[%clk 0:00:38]} Rxb4 {[%clk 0:05:26]} 30. c5 {[%clk 0:01:01]} b6
{[%clk 0:01:56]} 31. cxb6 {[%clk 0:01:17]} cxb6 {[%clk 0:02:13]} 32. a3
{[%clk 0:00:46]} Ra4 {[%clk 0:02:39]} 33. Kb2 {[%clk 0:01:12]} Kf8
{[%clk 0:01:35]} 34. Nb3 {[%clk 0:01:01]} Ke7 {[%clk 0:01:36]} 35. Rc1
{[%clk 0:01:07]} Kd6 {[%clk 0:01:30]} 36. Nd2 {[%clk 0:01:23]} Ra5
{[%clk 0:01:23]} 1/2-1/2

[Event "World Chess Olympiad 2018"]
[Site "Batumi"]
[Date "2018.09.28"]
[Round "5"]
[Board "1"]
[WhiteFideId "696358"]
[White "Bellahcene Bilel"]
[BlackFideId "14603152"]
[Black "Borisek Jure"]
[Result "1/2-1/2"]
[LiveChessVersion "1.4.8"]
[BlackElo "2578"]
[WhiteElo "2501"]

1. e4 {[%clk 1:30:55]} e5 {[%clk 1:30:48]} 2. Nf3 {[%clk 1:31:20]} Nc6
{[%clk 1:31:14]} 3. Bb5 {[%clk 1:31:46]} a6 {[%clk 1:31:20]} 4. Ba4
{[%clk 1:32:13]} Nf6 {[%clk 1:31:43]} 5. O-O {[%clk 1:32:38]} Be7
{[%clk 1:32:09]} 6. d3 {[%clk 1:33:05]} b5 {[%clk 1:32:16]} 7. Bb3
{[%clk 1:33:32]} d6 {[%clk 1:32:43]} 8. a3 {[%clk 1:33:52]} O-O {[%clk 1:33:02]}
9. Nc3 {[%clk 1:34:18]} Na5 {[%clk 1:33:27]} 10. Ba2 {[%clk 1:34:46]} Be6
{[%clk 1:33:48]} 11. d4 {[%clk 1:34:26]} Bxa2 {[%clk 1:22:54]} 12. Rxa2
{[%clk 1:34:52]} Re8 {[%clk 1:13:43]} 13. d5 {[%clk 1:32:42]} c6 {[%clk 1:07:49]}
14. dxc6 {[%clk 1:30:57]} Nxc6 {[%clk 1:04:29]} 15. Bg5 {[%clk 1:28:23]} Nd7
{[%clk 1:01:58]} 16. Be3 {[%clk 1:27:42]} Nf6 {[%clk 0:49:47]} 17. Re1
{[%clk 1:17:00]} h6 {[%clk 0:44:24]} 18. Qd3 {[%clk 1:10:50]} Bf8
{[%clk 0:43:35]} 19. Nd2 {[%clk 1:08:10]} Ne7 {[%clk 0:36:12]} 20. Nd5
{[%clk 1:00:45]} Nexd5 {[%clk 0:33:58]} 21. exd5 {[%clk 1:01:12]} Qd7
{[%clk 0:34:08]} 22. c4 {[%clk 0:57:42]} e4 {[%clk 0:27:24]} 23. Qd4
{[%clk 0:57:22]} Qf5 {[%clk 0:26:26]} 24. Rd1 {[%clk 0:54:41]} g6
{[%clk 0:25:08]} 25. Nf1 {[%clk 0:50:02]} Bg7 {[%clk 0:25:33]} 26. h3
{[%clk 0:39:58]} bxc4 {[%clk 0:22:44]} 27. Qxc4 {[%clk 0:38:19]} Rec8
{[%clk 0:22:48]} 28. Qd4 {[%clk 0:38:03]} Rc5 {[%clk 0:18:47]} 29. Qa4
{[%clk 0:32:09]} Rxd5 {[%clk 0:18:45]} 30. Raa1 {[%clk 0:32:38]} Rb5
{[%clk 0:14:09]} 31. Rxd6 {[%clk 0:31:28]} Rxb2 {[%clk 0:12:08]} 32. Rad1
{[%clk 0:24:02]} Qb5 {[%clk 0:11:52]} 33. Qd4 {[%clk 0:23:53]} Ne8
{[%clk 0:08:46]} 34. Qxe4 {[%clk 0:24:13]} Nxd6 {[%clk 0:08:49]} 35. Qxa8+
{[%clk 0:24:40]} Kh7 {[%clk 0:09:16]} 36. a4 {[%clk 0:18:41]} Qe2
{[%clk 0:06:40]} 37. Qd5 {[%clk 0:17:40]} Nf5 {[%clk 0:06:54]} 38. Rd2
{[%clk 0:09:05]} Nxe3 {[%clk 0:05:08]} 39. fxe3 {[%clk 0:09:33]} Rxd2
{[%clk 0:05:28]} 40. Qxd2 {[%clk 0:40:02]} Qc4 {[%clk 0:35:37]} 41. Qd7
{[%clk 0:40:23]} Bc3 {[%clk 0:31:40]} 42. Nh2 {[%clk 0:39:20]} Kg7
{[%clk 0:30:47]} 43. Nf3 {[%clk 0:39:14]} Qe2 {[%clk 0:26:43]} 44. Qe8
{[%clk 0:38:31]} Bb2 {[%clk 0:26:35]} 45. Kh2 {[%clk 0:37:58]} Qc4
{[%clk 0:24:20]} 46. Kg3 {[%clk 0:36:33]} Qc7+ {[%clk 0:23:49]} 47. Kf2
{[%clk 0:36:40]} Qc2+ {[%clk 0:24:09]} 48. Kg3 {[%clk 0:37:06]} Qc7+
{[%clk 0:24:36]} 1/2-1/2

[Event "World Chess Olympiad 2018"]
[Site "Batumi"]
[Date "2018.09.28"]
[Round "5"]
[Board "2"]
[WhiteFideId "14602296"]
[White "Sebenik Matej"]
[BlackFideId "7900309"]
[Black "Rizouk Aimen"]
[Result "1/2-1/2"]
[LiveChessVersion "1.4.8"]
[BlackElo "2445"]
[WhiteElo "2570"]

1. Nf3 {[%clk 1:30:54]} Nf6 {[%clk 1:30:51]} 2. c4 {[%clk 1:31:13]} e6
{[%clk 1:30:07]} 3. g3 {[%clk 1:31:24]} d5 {[%clk 1:30:10]} 4. Bg2
{[%clk 1:31:32]} Be7 {[%clk 1:28:57]} 5. O-O {[%clk 1:31:39]} O-O
{[%clk 1:27:40]} 6. d4 {[%clk 1:31:16]} c6 {[%clk 1:27:51]} 7. Qc2
{[%clk 1:30:57]} b6 {[%clk 1:27:48]} 8. Nbd2 {[%clk 1:30:36]} Bb7
{[%clk 1:27:40]} 9. e4 {[%clk 1:28:53]} Na6 {[%clk 1:27:27]} 10. a3
{[%clk 1:23:05]} c5 {[%clk 1:24:59]} 11. exd5 {[%clk 1:13:34]} exd5
{[%clk 1:25:20]} 12. Rd1 {[%clk 1:13:57]} Rc8 {[%clk 1:14:24]} 13. b3
{[%clk 0:48:44]} dxc4 {[%clk 1:12:47]} 14. Nxc4 {[%clk 0:44:50]} cxd4
{[%clk 1:03:19]} 15. Rxd4 {[%clk 0:45:01]} Qe8 {[%clk 0:58:44]} 16. Bg5
{[%clk 0:24:50]} Nc5 {[%clk 0:48:06]} 17. Bxf6 {[%clk 0:10:46]} Bxf6
{[%clk 0:47:58]} 18. Nd6 {[%clk 0:11:12]} Qd7 {[%clk 0:34:39]} 19. Nxc8
{[%clk 0:06:25]} Bxd4 {[%clk 0:34:27]} 20. Nxd4 {[%clk 0:04:53]} Bxg2
{[%clk 0:32:08]} 21. Kxg2 {[%clk 0:05:06]} Rxc8 {[%clk 0:32:08]} 22. Qf5
{[%clk 0:04:13]} Rd8 {[%clk 0:28:30]} 23. Qxd7 {[%clk 0:02:09]} Rxd7
{[%clk 0:28:57]} 24. b4 {[%clk 0:01:46]} Rxd4 {[%clk 0:29:18]} 25. bxc5
{[%clk 0:02:12]} bxc5 {[%clk 0:29:34]} 26. Rc1 {[%clk 0:00:54]} c4
{[%clk 0:21:37]} 27. Rb1 {[%clk 0:01:21]} g6 {[%clk 0:21:59]} 28. Rb4
{[%clk 0:01:43]} Rd3 {[%clk 0:20:18]} 29. Ra4 {[%clk 0:02:08]} c3
{[%clk 0:20:26]} 30. Rxa7 {[%clk 0:02:32]} c2 {[%clk 0:20:48]} 31. Rc7
{[%clk 0:02:59]} c1=N {[%clk 0:20:54]} 1/2-1/2

[Event "World Chess Olympiad 2018"]
[Site "Batumi"]
[Date "2018.09.28"]
[Round "5"]
[Board "3"]
[WhiteFideId "7900872"]
[White "Arab Adlane"]
[BlackFideId "14604299"]
[Black "Skoberne Jure"]
[Result "1/2-1/2"]
[LiveChessVersion "1.4.8"]
[BlackElo "2565"]
[WhiteElo "2482"]

1. d4 {[%clk 1:30:55]} d5 {[%clk 1:30:52]} 2. c4 {[%clk 1:31:12]} c6
{[%clk 1:31:17]} 3. Nf3 {[%clk 1:30:52]} Nf6 {[%clk 1:31:39]} 4. Nc3
{[%clk 1:30:10]} dxc4 {[%clk 1:31:37]} 5. a4 {[%clk 1:30:31]} Bf5
{[%clk 1:31:59]} 6. e3 {[%clk 1:30:37]} e6 {[%clk 1:31:56]} 7. Bxc4
{[%clk 1:30:54]} Bb4 {[%clk 1:32:07]} 8. O-O {[%clk 1:30:51]} Nbd7
{[%clk 1:32:20]} 9. Qe2 {[%clk 1:29:29]} Bg4 {[%clk 1:32:23]} 10. e4
{[%clk 1:28:10]} Nb6 {[%clk 1:28:03]} 11. a5 {[%clk 1:20:24]} Bxf3
{[%clk 1:21:34]} 12. gxf3 {[%clk 1:20:37]} Nxc4 {[%clk 1:21:46]} 13. Qxc4
{[%clk 1:20:51]} Bxa5 {[%clk 1:22:03]} 14. Bg5 {[%clk 1:20:00]} h6
{[%clk 0:38:54]} 15. Bh4 {[%clk 1:10:39]} Bxc3 {[%clk 0:39:16]} 16. bxc3
{[%clk 1:10:44]} O-O {[%clk 0:39:38]} 17. Kh1 {[%clk 1:00:40]} Qd7
{[%clk 0:34:51]} 18. Qb4 {[%clk 0:46:43]} Nh5 {[%clk 0:21:22]} 19. Bg3
{[%clk 0:33:19]} Nxg3+ {[%clk 0:16:45]} 20. hxg3 {[%clk 0:33:42]} Rfc8
{[%clk 0:16:02]} 21. Rfb1 {[%clk 0:33:01]} b6 {[%clk 0:16:13]} 22. Ra6
{[%clk 0:26:41]} Rab8 {[%clk 0:14:48]} 23. Kg2 {[%clk 0:25:56]} Rb7
{[%clk 0:14:51]} 24. Qc4 {[%clk 0:25:15]} c5 {[%clk 0:14:05]} 25. d5
{[%clk 0:23:55]} exd5 {[%clk 0:12:44]} 26. exd5 {[%clk 0:24:19]} Rd8
{[%clk 0:11:19]} 27. Rd1 {[%clk 0:24:40]} Qc8 {[%clk 0:09:25]} 28. Qa2
{[%clk 0:23:52]} Qd7 {[%clk 0:04:49]} 29. c4 {[%clk 0:24:01]} Re8
{[%clk 0:05:14]} 30. Ra1 {[%clk 0:22:59]} Re7 {[%clk 0:05:32]} 31. Qa3
{[%clk 0:22:38]} Qd6 {[%clk 0:05:19]} 32. Qc3 {[%clk 0:22:22]} Rbd7
{[%clk 0:03:15]} 33. Qd3 {[%clk 0:21:36]} Qe5 {[%clk 0:02:51]} 34. Qc2
{[%clk 0:19:52]} h5 {[%clk 0:03:04]} 35. f4 {[%clk 0:15:10]} Qd4 {[%clk 0:02:42]}
36. Rxb6 {[%clk 0:14:24]} Rxd5 {[%clk 0:01:06]} 37. Rb8+ {[%clk 0:03:56]} Rd8
{[%clk 0:01:32]} 38. Rxd8+ {[%clk 0:03:44]} Qxd8 {[%clk 0:01:57]} 39. Qf5
{[%clk 0:04:04]} Qd4 {[%clk 0:01:28]} 40. Ra5 {[%clk 0:33:17]} g6
{[%clk 0:30:39]} 41. Qxc5 {[%clk 0:29:47]} Qe4+ {[%clk 0:26:14]} 42. Kh2
{[%clk 0:30:05]} h4 {[%clk 0:24:54]} 43. Rxa7 {[%clk 0:29:35]} hxg3+
{[%clk 0:12:22]} 44. Kxg3 {[%clk 0:29:51]} Rxa7 {[%clk 0:12:38]} 45. Qxa7
{[%clk 0:30:15]} Qxc4 {[%clk 0:13:04]} 46. Qa8+ {[%clk 0:30:35]} Kg7
{[%clk 0:13:02]} 47. Qa1+ {[%clk 0:30:58]} Kg8 {[%clk 0:12:59]} 48. Qa8+
{[%clk 0:31:22]} Kg7 {[%clk 0:13:25]} 49. Qa1+ {[%clk 0:31:46]} Kg8
{[%clk 0:13:49]} 50. Qa8+ {[%clk 0:32:09]} 1/2-1/2

[Event "World Chess Olympiad 2018"]
[Site "Batumi"]
[Date "2018.09.28"]
[Round "5"]
[Board "4"]
[WhiteFideId "14608502"]
[White "Markoja Boris"]
[BlackFideId "7900856"]
[Black "Belouadah Saad"]
[Result "0-1"]
[LiveChessVersion "1.4.8"]
[BlackElo "2413"]
[WhiteElo "2456"]

1. c4 {[%clk 1:30:55]} Nf6 {[%clk 1:30:35]} 2. d4 {[%clk 1:31:18]} e6
{[%clk 1:31:00]} 3. g3 {[%clk 1:31:43]} d5 {[%clk 1:31:18]} 4. Nf3
{[%clk 1:32:04]} Be7 {[%clk 1:31:44]} 5. Bg2 {[%clk 1:32:23]} O-O
{[%clk 1:32:09]} 6. O-O {[%clk 1:32:41]} dxc4 {[%clk 1:32:32]} 7. Qc2
{[%clk 1:32:00]} a6 {[%clk 1:32:52]} 8. a4 {[%clk 1:31:09]} Bd7 {[%clk 1:33:09]}
9. Qxc4 {[%clk 1:30:15]} Bc6 {[%clk 1:33:17]} 10. Bg5 {[%clk 1:29:44]} Nbd7
{[%clk 1:27:22]} 11. Nc3 {[%clk 1:25:55]} Nb6 {[%clk 1:23:25]} 12. Qd3
{[%clk 1:23:25]} Nbd5 {[%clk 1:22:46]} 13. Ne5 {[%clk 1:08:58]} Nxc3
{[%clk 1:20:01]} 14. Nxc6 {[%clk 1:08:48]} Nxe2+ {[%clk 1:20:08]} 15. Qxe2
{[%clk 1:09:14]} bxc6 {[%clk 1:20:31]} 16. Bxc6 {[%clk 1:09:31]} Rb8
{[%clk 1:20:49]} 17. Rfd1 {[%clk 0:56:53]} a5 {[%clk 1:14:32]} 18. Rac1
{[%clk 0:49:52]} h6 {[%clk 1:09:50]} 19. Bf4 {[%clk 0:48:26]} Bd6
{[%clk 1:07:22]} 20. Be5 {[%clk 0:47:05]} Qe7 {[%clk 1:05:39]} 21. Bb5
{[%clk 0:45:47]} Rfd8 {[%clk 1:01:41]} 22. Qe1 {[%clk 0:43:55]} Ra8
{[%clk 0:56:16]} 23. Rc6 {[%clk 0:39:25]} Nd5 {[%clk 0:53:08]} 24. Rdc1
{[%clk 0:37:30]} Ra7 {[%clk 0:40:38]} 25. Qe4 {[%clk 0:35:05]} Nb4
{[%clk 0:27:42]} 26. Bxd6 {[%clk 0:31:03]} cxd6 {[%clk 0:26:30]} 27. Rc8
{[%clk 0:31:15]} g6 28. Rxd8+ {[%clk 0:22:52]} Qxd8 {[%clk 0:25:49]} 29. Qe3
{[%clk 0:23:15]} Qg5 {[%clk 0:06:32]} 30. Rc8+ {[%clk 0:16:09]} Kg7
{[%clk 0:06:35]} 31. Qxg5 {[%clk 0:13:59]} hxg5 {[%clk 0:07:03]} 32. Rd8
{[%clk 0:14:11]} d5 {[%clk 0:07:17]} 33. Rc8 {[%clk 0:14:32]} Kf6
{[%clk 0:07:22]} 34. Kg2 {[%clk 0:13:35]} g4 {[%clk 0:04:33]} 35. f3
{[%clk 0:12:35]} Kf5 {[%clk 0:04:21]} 36. Kf2 {[%clk 0:08:30]} g5
{[%clk 0:03:54]} 37. Ke3 {[%clk 0:05:36]} f6 {[%clk 0:02:10]} 38. fxg4+
{[%clk 0:02:39]} Kxg4 {[%clk 0:02:34]} 39. Be2+ {[%clk 0:02:52]} Kf5
{[%clk 0:01:59]} 40. Bh5 {[%clk 0:30:47]} e5 {[%clk 0:30:58]} 41. g4+
{[%clk 0:22:13]} Ke6 {[%clk 0:30:30]} 42. Bg6 {[%clk 0:20:48]} Kd6
{[%clk 0:27:07]} 43. Rf8 {[%clk 0:18:34]} exd4+ {[%clk 0:26:12]} 44. Kxd4
{[%clk 0:18:56]} Nc6+ {[%clk 0:26:38]} 45. Kc3 {[%clk 0:18:28]} Ke5
{[%clk 0:26:20]} 46. Re8+ {[%clk 0:15:46]} Kd6 {[%clk 0:24:00]} 47. Bf5
{[%clk 0:15:09]} Re7 {[%clk 0:24:06]} 48. Rf8 {[%clk 0:14:35]} Ke5
{[%clk 0:24:10]} 49. Rc8 {[%clk 0:14:33]} Nb4 {[%clk 0:17:15]} 50. Rc5
{[%clk 0:13:02]} Ra7 {[%clk 0:17:13]} 51. Rc8 {[%clk 0:12:52]} Ra6
{[%clk 0:17:08]} 52. Re8+ {[%clk 0:05:40]} Kd6 {[%clk 0:13:52]} 53. Rd8+
{[%clk 0:03:44]} Kc5 {[%clk 0:14:13]} 54. Rb8 {[%clk 0:04:03]} Rb6
{[%clk 0:08:10]} 55. Rc8+ {[%clk 0:03:50]} Rc6 {[%clk 0:08:32]} 56. Ra8
{[%clk 0:04:00]} Kb6+ {[%clk 0:07:31]} 57. Kd2 {[%clk 0:04:10]} Rd6
{[%clk 0:06:31]} 58. Rb8+ {[%clk 0:04:21]} Kc7 {[%clk 0:06:33]} 59. Rb5
{[%clk 0:04:12]} Nc6 {[%clk 0:06:47]} 60. Rc5 {[%clk 0:03:36]} Rd8
{[%clk 0:07:09]} 61. Kd3 {[%clk 0:01:34]} Rh8 {[%clk 0:07:08]} 62. b3
{[%clk 0:00:39]} Rh3+ {[%clk 0:06:28]} 63. Kd2 {[%clk 0:00:55]} Rxh2+
{[%clk 0:06:45]} 64. Kd1 {[%clk 0:01:22]} Kd6 {[%clk 0:06:58]} 65. Rb5
{[%clk 0:01:32]} Nd4 {[%clk 0:06:39]} 66. Rb6+ {[%clk 0:01:24]} Ke5
{[%clk 0:07:03]} 67. Bd7 {[%clk 0:01:40]} Rb2 {[%clk 0:07:06]} 68. Ra6
{[%clk 0:02:04]} Rxb3 {[%clk 0:06:05]} 69. Ke1 {[%clk 0:01:54]} Rb7
{[%clk 0:05:55]} 70. Be8 {[%clk 0:02:07]} Rb1+ {[%clk 0:05:13]} 71. Kf2
{[%clk 0:02:32]} Rb2+ {[%clk 0:05:36]} 72. Kf1 {[%clk 0:02:36]} Nf3
{[%clk 0:05:51]} 73. Bd7 {[%clk 0:02:57]} Kf4 {[%clk 0:05:59]} 0-1

[Event "World Chess Olympiad 2018"]
[Site "Batumi"]
[Date "2018.09.28"]
[Round "5"]
[Board "1"]
[WhiteFideId "10200444"]
[White "Mollah Abdullah Al Rakib"]
[BlackFideId "13100050"]
[Black "Rakotomaharo Fy Antenaina"]
[Result "1-0"]
[LiveChessVersion "1.4.8"]
[BlackElo "2422"]
[WhiteElo "2472"]

1. d4 {[%clk 1:30:57]} Nf6 {[%clk 1:30:51]} 2. Nf3 {[%clk 1:31:01]} g6
{[%clk 1:31:08]} 3. Bg5 {[%clk 1:30:39]} Bg7 {[%clk 1:31:30]} 4. c3
{[%clk 1:30:34]} O-O {[%clk 1:31:38]} 5. Nbd2 {[%clk 1:30:59]} d5
{[%clk 1:31:56]} 6. e3 {[%clk 1:30:55]} c5 {[%clk 1:32:04]} 7. dxc5
{[%clk 1:22:01]} a5 {[%clk 1:19:23]} 8. a4 {[%clk 1:19:37]} Qc7 {[%clk 1:17:32]}
9. Bb5 {[%clk 1:10:44]} Ne4 {[%clk 1:01:48]} 10. Nxe4 {[%clk 0:55:57]} dxe4
{[%clk 1:01:41]} 11. Nd2 {[%clk 0:56:21]} h6 {[%clk 1:00:28]} 12. Bh4
{[%clk 0:46:31]} f5 {[%clk 1:00:07]} 13. f3 {[%clk 0:38:08]} Rd8 {[%clk 0:40:49]}
14. Qe2 {[%clk 0:32:42]} exf3 {[%clk 0:25:06]} 15. gxf3 {[%clk 0:31:55]} Qxc5
{[%clk 0:21:55]} 16. Qc4+ {[%clk 0:30:06]} Qxc4 {[%clk 0:22:13]} 17. Nxc4
{[%clk 0:30:20]} Nc6 {[%clk 0:18:18]} 18. Nb6 {[%clk 0:24:13]} Rb8
{[%clk 0:18:11]} 19. Bc4+ {[%clk 0:21:38]} Kf8 {[%clk 0:14:20]} 20. f4
{[%clk 0:17:12]} Rd6 {[%clk 0:13:28]} 21. Rd1 {[%clk 0:13:22]} Nd4
{[%clk 0:12:55]} 22. exd4 {[%clk 0:13:32]} Rxb6 {[%clk 0:13:20]} 23. Bb5
{[%clk 0:13:49]} Be6 {[%clk 0:09:07]} 24. d5 {[%clk 0:10:29]} Bf7
{[%clk 0:09:03]} 25. Kf2 {[%clk 0:10:35]} Rd8 {[%clk 0:04:50]} 26. Rhe1
{[%clk 0:10:36]} Bf6 {[%clk 0:05:13]} 27. Bxf6 {[%clk 0:11:00]} Rxf6
{[%clk 0:05:40]} 28. c4 {[%clk 0:06:57]} Rfd6 {[%clk 0:04:34]} 29. Re2
{[%clk 0:04:35]} Rc8 {[%clk 0:02:33]} 30. Rde1 {[%clk 0:04:29]} Rc7
{[%clk 0:02:58]} 31. Re5 {[%clk 0:03:17]} Be8 {[%clk 0:01:27]} 32. Bxe8
{[%clk 0:02:25]} Kxe8 {[%clk 0:01:51]} 33. b3 {[%clk 0:02:41]} Kf7
{[%clk 0:00:35]} 34. R1e3 {[%clk 0:02:17]} b6 {[%clk 0:00:40]} 35. Rh3
{[%clk 0:02:28]} Kg7 {[%clk 0:00:46]} 36. Rhe3 {[%clk 0:01:53]} Kf7
{[%clk 0:01:08]} 37. Rh3 {[%clk 0:02:19]} Kg7 {[%clk 0:01:33]} 38. Rg3
{[%clk 0:02:23]} Rf6 {[%clk 0:00:34]} 39. Rge3 {[%clk 0:02:06]} Kf7
{[%clk 0:00:57]} 40. Re6 {[%clk 0:32:27]} Rxe6 {[%clk 0:30:34]} 41. Rxe6
{[%clk 0:32:35]} Rb7 {[%clk 0:30:55]} 42. Ke3 {[%clk 0:28:17]} Rb8
{[%clk 0:31:04]} 43. h4 {[%clk 0:21:35]} Rb7 {[%clk 0:28:06]} 44. Kd4
{[%clk 0:21:02]} Rb8 {[%clk 0:27:32]} 45. Ke5 {[%clk 0:21:14]} h5
{[%clk 0:27:05]} 46. Rc6 {[%clk 0:19:37]} Rb7 {[%clk 0:26:43]} 47. Rc8
{[%clk 0:17:53]} Rd7 {[%clk 0:25:38]} 48. Rc6 {[%clk 0:17:08]} Rb7
{[%clk 0:26:00]} 49. Kd4 {[%clk 0:16:44]} Kg7 {[%clk 0:23:58]} 50. Kc3
{[%clk 0:16:42]} Rb8 {[%clk 0:23:57]} 51. Kd3 {[%clk 0:12:38]} Kf7
{[%clk 0:24:08]} 52. Kd4 {[%clk 0:12:45]} Kg7 {[%clk 0:20:14]} 53. Rc7
{[%clk 0:12:27]} Kf6 {[%clk 0:19:38]} 54. Rd7 {[%clk 0:12:34]} Ra8
{[%clk 0:08:15]} 55. Rb7 {[%clk 0:12:43]} Ra6 {[%clk 0:08:40]} 56. Rb8
{[%clk 0:12:04]} Kg7 {[%clk 0:09:05]} 57. Ke5 {[%clk 0:12:00]} Kf7
{[%clk 0:09:29]} 58. Rb7 {[%clk 0:12:04]} Kf8 {[%clk 0:09:48]} 59. Rc7
{[%clk 0:10:46]} Ra8 {[%clk 0:06:26]} 60. Rc6 {[%clk 0:11:04]} 1-0